| 000 | 00503nam a2200157Ia 4500 | ||
|---|---|---|---|
| 008 | 221220s9999 xx 000 0 und d | ||
| 020 | _a978-93-8999-135-2 | ||
| 041 | _aEnglish | ||
| 100 | _aA. Ramaiya | ||
| 245 | 0 |
_aGuide to the Companies Act, 19th Ed : Consolidated Table of Cases & Subject Index & Additional Reference Material Vol. 2 (Sections 128-246) _cby A. Ramaiya |
|
| 250 | _a19th | ||
| 260 |
_bLexis Nexis _aHaryana _c2021 |
||
| 300 | _a4538 | ||
| 650 | _aCompanies Act | ||
| 942 |
_2DDC _cBK |
||
| 999 |
_c19404 _d19404 |
||